000 00586cam a22002053a 4500
001 40132
003 PGUSA
005 20140828083908.0
008 120703s2012||||xxu|||||s|||||000 | eng d
040 _aPGUSA
_beng
042 _adc
100 1 _aRuffner, William Henry
245 1 2 _aA Report on Washington Territory
_h[electronic resource] /
_cWilliam Henry Ruffner
260 _bProject Gutenberg,
_c2012
506 _aPublic domain in the USA.
516 _aElectronic text
830 0 _aProject Gutenberg
_v40132
856 4 0 _uhttp://www.gutenberg.org/ebooks/40132
942 _cEB
999 _c269385
_d269385